<?xml version="1.0" encoding="UTF-8"?>
<record
    xmlns:xsi="http://www.w3.org/2001/XMLSchema-instance"
    xsi:schemaLocation="http://www.loc.gov/MARC21/slim http://www.loc.gov/standards/marcxml/schema/MARC21slim.xsd"
    xmlns="http://www.loc.gov/MARC21/slim">

  <leader>01346nam a2200289 i 4500</leader>
  <controlfield tag="001">186701</controlfield>
  <controlfield tag="003">SpMaBN</controlfield>
  <controlfield tag="005">20250817062601.0</controlfield>
  <controlfield tag="008">170207s2016    sp a     c   |||| | spa d</controlfield>
  <datafield tag="020" ind1=" " ind2=" ">
    <subfield code="a">978-84-7075-634-4</subfield>
  </datafield>
  <datafield tag="080" ind1=" " ind2=" ">
    <subfield code="a">7.038.21(083.824)</subfield>
  </datafield>
  <datafield tag="080" ind1=" " ind2=" ">
    <subfield code="a">77(100)"19"(083.824)</subfield>
  </datafield>
  <datafield tag="245" ind1="0" ind2="3">
    <subfield code="a">Lo nunca visto : </subfield>
    <subfield code="b">de la pintura informalista al fotolibro de postguerra (1945-1965) : Fundaci&#xF3;n Juan March, Madrid, del 26 de febrero al 5 de junio de 2016 / </subfield>
    <subfield code="c">[comisarios, Manuel Font&#xE1;n del Junco, In&#xE9;s Vallejo ; con ensayos de Manuel Font&#xE1;n del Junco, Juan Jos&#xE9; Lahuerta, Mar&#xED;a Dolores Jim&#xE9;nez-Blanco ... et al. ; y m&#xE1;s de doscientas ilustraciones].</subfield>
  </datafield>
  <datafield tag="260" ind1=" " ind2=" ">
    <subfield code="a">Madrid : </subfield>
    <subfield code="b">Fundaci&#xF3;n Juan March, </subfield>
    <subfield code="c">2016.</subfield>
  </datafield>
  <datafield tag="300" ind1=" " ind2=" ">
    <subfield code="a">233 p. : </subfield>
    <subfield code="b">principalmente il. col., fot. ; </subfield>
    <subfield code="c">26 cm + </subfield>
    <subfield code="e">1 peri&#xF3;dico (112 p., [2] p.: il., fot.)</subfield>
  </datafield>
  <datafield tag="500" ind1=" " ind2=" ">
    <subfield code="a">&#xCD;ndices.</subfield>
  </datafield>
  <datafield tag="650" ind1=" " ind2="4">
    <subfield code="a">Informalismo (Arte)-</subfield>
    <subfield code="v">Exposiciones.</subfield>
    <subfield code="9">161657</subfield>
  </datafield>
  <datafield tag="650" ind1=" " ind2="4">
    <subfield code="a">Fotograf&#xED;a-</subfield>
    <subfield code="y">S.XX-</subfield>
    <subfield code="v">Exposiciones.</subfield>
    <subfield code="9">173150</subfield>
  </datafield>
  <datafield tag="655" ind1=" " ind2="7">
    <subfield code="a">Cat&#xE1;logos de exposiciones</subfield>
    <subfield code="2">tgfbne</subfield>
    <subfield code="9">193628</subfield>
  </datafield>
  <datafield tag="700" ind1="1" ind2=" ">
    <subfield code="a">Font&#xE1;n del Junco, Manuel,</subfield>
    <subfield code="d">1963-</subfield>
    <subfield code="9">226485</subfield>
  </datafield>
  <datafield tag="700" ind1="1" ind2=" ">
    <subfield code="a">Vallejo, In&#xE9;s,</subfield>
    <subfield code="d">1975-</subfield>
    <subfield code="9">161658</subfield>
  </datafield>
  <datafield tag="700" ind1="1" ind2=" ">
    <subfield code="a">Lahuerta, Juan Jos&#xE9;.</subfield>
    <subfield code="9">69660</subfield>
  </datafield>
  <datafield tag="710" ind1="2" ind2=" ">
    <subfield code="a">Fundaci&#xF3;n Juan March</subfield>
    <subfield code="9">4346</subfield>
  </datafield>
  <datafield tag="852" ind1=" " ind2=" ">
    <subfield code="a">ES-MaACL</subfield>
    <subfield code="j">A-1401</subfield>
    <subfield code="9">193758</subfield>
    <subfield code="b">R.151219</subfield>
    <subfield code="c">DEPO1</subfield>
    <subfield code="d">Olim: N-7001</subfield>
  </datafield>
  <datafield tag="942" ind1=" " ind2=" ">
    <subfield code="2">udc</subfield>
  </datafield>
  <datafield tag="999" ind1=" " ind2=" ">
    <subfield code="c">186701</subfield>
    <subfield code="d">186701</subfield>
  </datafield>
  <datafield tag="952" ind1=" " ind2=" ">
    <subfield code="0">0</subfield>
    <subfield code="1">0</subfield>
    <subfield code="2">udc</subfield>
    <subfield code="4">0</subfield>
    <subfield code="7">0</subfield>
    <subfield code="a">ATENEOM</subfield>
    <subfield code="b">ATENEOM</subfield>
    <subfield code="c">DEPO1</subfield>
    <subfield code="d">2017-02-07</subfield>
    <subfield code="e">DONACION</subfield>
    <subfield code="l">0</subfield>
    <subfield code="o">A-14001</subfield>
    <subfield code="p">1196934</subfield>
    <subfield code="r">2023-02-23 00:00:00</subfield>
    <subfield code="w">2023-02-23</subfield>
    <subfield code="y">MONOGRAFIA</subfield>
  </datafield>
</record>
